Beginning to Read, Write and Listen/ Letter Book 9 Letter Book 9

Sparad:
Bibliografiska uppgifter
Materialtyp: Bok
Språk:English
Publicerad: New york, McGraw Hill Companies Inc 2003.
Ämnen:
Taggar: Lägg till en tagg
Inga taggar, Lägg till första taggen!
Thư viện lưu trữ: Mạng thư viện Đại học Đà Nẵng
LEADER 00971cam a22002771a 4500
001 000033699
003 9886
005 20200618100227.0
008 151016s2003 000 eng
020 |a 0021908575 
040 |a lnn  |c lnn  |d lnn 
041 |a eng 
082 |a 428  |b BE-T 
245 0 |a Beginning to Read, Write and Listen/ Letter Book 9  |n Letter Book 9 
260 |b McGraw Hill Companies Inc  |a New york,  |c 2003. 
300 |a 37p. :  |b ill ;  |c 30cm. 
650 |a Beginning to Read, Write and Listen  |a Write  |a Listen 
OWN |a LNN 
AVA |a UDN50  |b LNN  |c English  |d 420.8 MC-M  |e available  |t Error 5001 Not defined in file expand_doc_bib_avail.  |f 2  |g 0  |h N  |i 1  |j AN  |k 1 
999 |a From the UDN01 
AVA |a UDN50  |b LNN  |c English  |d 420.8 MC-M  |e available  |t Error 5001 Not defined in file expand_doc_bib_avail.  |f 2  |g 0  |h N  |i 1  |j AN  |k 1 
TYP |a Monograph 
980 |a Mạng thư viện Đại học Đà Nẵng